| 000 | 02665nam0a2200373 4500 | ||
|---|---|---|---|
| 001 | RU\NLR\BIBL_A\022034943 | ||
| 005 | 20231030145312.0 | ||
| 010 |
_a978-5-907688-35-3 _9500 |
||
| 021 |
_aRU _bКН-П-23-053094 _9КН-П-23-5330 |
||
| 035 | _a(NLR Aleph) 022034943 | ||
| 090 |
_a12551175 _c12551175 |
||
| 100 | _a20230925d2023 k y0rusy50 ca | ||
| 101 | 0 |
_arus _aeng |
|
| 102 | _aRU | ||
| 105 | _aa z 100zy | ||
| 181 | 0 |
_ai3 _baxxe |
|
| 182 | 0 | _an | |
| 200 | 1 |
_aСоциально-экономические процессы современного общества _eматериалы II Всероссийской научно-практической конференции с международным участием (Чебоксары, 25 мая 2023 г.) _fБюджетное образовательное учреждение высшего образования Чувашской Республики "Чувашский государственный институт культуры и искусств" Министерства культуры, по делам национальностей и архивного дела Чувашской Республики _gредакционная коллегия: Фомин Эдуард Валентинович, канд. филол. наук, доцент |
|
| 203 |
_aТекст _bвизуальный _cнепосредственный |
||
| 210 |
_aЧебоксары _cСреда _d2023 |
||
| 215 |
_a327 с. _cил., табл. _d20 |
||
| 300 | _aТекст рус., англ. | ||
| 320 | _aБиблиогр. в конце ст. | ||
| 606 | 1 |
_aСоциально-экономические процессы _xУправление _jСъезды, совещания и т.п _2nlr_sh1 _2nlr_sh2 _3RU\NLR\AUTH\661338560 |
|
| 686 | 1 | _aУ010.066я431 | |
| 686 | 1 | _aУ21(0)9я431 | |
| 702 | 1 |
_aФомин _bЭ. В. _cканд. филол. наук _f1971- _gЭдуард Валентинович _3RU\NLR\AUTH\7785494 _4340 |
|
| 711 | 1 | 2 |
_a"Социально-экономические процессы современного общества", всероссийская научно-практическая конференция с международным участием _d2 _f2023 _eЧебоксары _3RU\NLR\AUTH\880598683 |
| 712 | 0 | 2 |
_aЧувашский государственный институт культуры и искусств _cЧебоксары _3RU\NLR\AUTH\8810051725 _4475 |
| 942 | _cBOOK | ||
| 980 | _aNB | ||